000 00744nam a2200289Ia 4500
005 20260324140614.0
008 008 260324s9999 xx 000 0 eng d
020 _a9781315702810
037 _aEBOOK
040 _aCRL
040 _beng
040 _cCRL
041 _2eng
041 _aeng
084 _qCRL
100 _aWilliam L Waugh
_91205041
245 0 _aLiving with Hazards, Dealing with Disasters: An Introduction to Emergency Management
245 3 _bAn Introduction to Emergency Management
260 _bTaylor and Francis
260 _c1998
365 _a
365 _b230
856 _uhttp://www.taylorfrancis.com/books/9781315702810
942 _cEBOOK
999 _c1807274
_d1807274